书目信息 |
| 题名: |
南社丛谈
|
|
| 作者: | 郑逸梅 编著 | |
| 分册: | ||
| 出版信息: | 北京 中华书局 2006 |
|
| 页数: | 487页 | |
| 开本: | 21cm | |
| 丛书名: | 郑逸梅作品集 | |
| 单 册: | ||
| 中图分类: | I209.5 | |
| 科图分类: | ||
| 主题词: | ||
| 电子资源: | ||
| ISBN: | 7-101-04983-4 | |
| 000 | 00821oam2 2200253 450 | |
| 001 | 012006073050 | |
| 005 | 20070806174353.04 | |
| 010 | @a7-101-04983-4@dCNY35.00 | |
| 100 | @a20060923d2006 em y0chiy0110 ea | |
| 101 | 0 | @achi |
| 102 | @aCN@b110000 | |
| 105 | @aa z 000yd | |
| 200 | 1 | @a南社丛谈@9nan she cong tan@e历史与人物@f郑逸梅编著 |
| 210 | @a北京@c中华书局@d2006 | |
| 215 | @a487页@c照片,图@d21cm | |
| 225 | 2 | @a郑逸梅作品集 |
| 305 | @a据上海人民出版社1981年初版重新录排,并酌加校订 | |
| 330 | @a本书对成立于1909年的中国文学诗社——南社进行了研究,介绍了近代南社的酝酿、成立、纠纷和斗争、后期活动、社友事略等。 | |
| 461 | 0 | @12001 @a郑逸梅作品集 |
| 601 | 02 | @a南社@x研究 |
| 690 | @aI209.5@v4 | |
| 701 | 0 | @a郑逸梅@9zheng yi mei@4编著 |
| 801 | 0 | @aCN@bRENTIAN@c20070806 |
| 905 | @a10447@dI209.5@e286 | |
| 南社丛谈:历史与人物/郑逸梅编著.-北京:中华书局,2006 |
| 487页:照片,图;21cm.-(郑逸梅作品集) |
| ISBN 7-101-04983-4:CNY35.00 |
| 本书对成立于1909年的中国文学诗社——南社进行了研究,介绍了近代南社的酝酿、成立、纠纷和斗争、后期活动、社友事略等。 |
| ● |
| 相关链接 |
|
|
|
|
正题名:南社丛谈
索取号:I209.5/286
 
预约/预借
| 序号 | 登录号 | 条形码 | 馆藏地/架位号 | 状态 | 备注 |
| 1 | 0805147 | 208051472 | 第一样本阅览室/ [索取号:I209.5/286] | 在馆 | |
| 2 | 0805148 | 208051481 | 第二借阅区/ [索取号:I209.5/286] | 在馆 | |
| 3 | 0805149 | 208051490 | 第二借阅区/ [索取号:I209.5/286] | 在馆 | |
| 4 | 0805150 | 208051506 | 第二借阅区/ [索取号:I209.5/286] | 在馆 | |
| 5 | 0805151 | 208051515 | 第二借阅区/ [索取号:I209.5/286] | 在馆 | |
| 6 | 0805152 | 208051524 | 第二借阅区/ [索取号:I209.5/286] | 在馆 | |
| 7 | 0805153 | 208051533 | 第二借阅区/ [索取号:I209.5/286] | 在馆 | |
| 8 | 0805154 | 208051542 | 第二借阅区/ [索取号:I209.5/286] | 在馆 | |
| 9 | 0805155 | 208051551 | 第二借阅区/ [索取号:I209.5/286] | 在馆 | |
| 10 | 0805156 | 208051560 | 第二借阅区/ [索取号:I209.5/286] | 在馆 |